Basis and aim of education in free Indonesia, (Record no. 88798)
[ view plain ]
| 000 -LEADER | |
|---|---|
| fixed length control field | 00918cam a22002651 4500 |
| 001 - CONTROL NUMBER | |
| control field | sa 68019062 |
| 003 - CONTROL NUMBER IDENTIFIER | |
| control field | DLC |
| 005 - DATE AND TIME OF LATEST TRANSACTION | |
| control field | 20260227112716.0 |
| 008 - FIXED-LENGTH DATA ELEMENTS--GENERAL INFORMATION | |
| fixed length control field | 721215s1962 io b f000 0 eng |
| 010 ## - LIBRARY OF CONGRESS CONTROL NUMBER | |
| LC control number | sa 68019062 |
| 025 ## - OVERSEAS ACQUISITION NUMBER | |
| Overseas acquisition number | PL480:Indo-3174 |
| 035 ## - SYSTEM CONTROL NUMBER | |
| System control number | (OCoLC)518462 |
| 040 ## - CATALOGING SOURCE | |
| Original cataloging agency | DLC |
| Transcribing agency | OAU |
| Modifying agency | OCoLC |
| -- | DLC |
| 041 1# - LANGUAGE CODE | |
| Language code of text/sound track or separate title | engind |
| 042 ## - AUTHENTICATION CODE | |
| Authentication code | premarc |
| 050 00 - LIBRARY OF CONGRESS CALL NUMBER | |
| Classification number | LA1271 |
| Item number | .P6313 |
| 100 1# - MAIN ENTRY--PERSONAL NAME | |
| Personal name | Poerbakawatja, Soegarda, |
| Titles and words associated with a name | R., |
| Dates associated with a name | 1899- |
| 245 10 - TITLE STATEMENT | |
| Title | Basis and aim of education in free Indonesia, |
| Statement of responsibility, etc. | delivered on the opening ceremony of the Tjenderawasih University on 10th November 1962 in Kotabaru. |
| 260 ## - PUBLICATION, DISTRIBUTION, ETC. | |
| Place of publication, distribution, etc. | [Djakarta] |
| Name of publisher, distributor, etc. | Dept. of Information, Republic of Indonesia |
| Date of publication, distribution, etc. | [1962?] |
| 300 ## - PHYSICAL DESCRIPTION | |
| Extent | 16 p. |
| Dimensions | 21 cm. |
| 500 ## - GENERAL NOTE | |
| General note | "Special issue, no. 94." |
| 500 ## - GENERAL NOTE | |
| General note | Translation of Dasar dan tudjuan pendidikan dalam alam Indonesia merdeka. |
| 504 ## - BIBLIOGRAPHY, ETC. NOTE | |
| Bibliography, etc. note | Bibliography: p. 16. |
| 650 #0 - SUBJECT ADDED ENTRY--TOPICAL TERM | |
| Topical term or geographic name entry element | Education |
| Geographic subdivision | Indonesia. |
No items available.